000 00661cam a22002291 4500
001 ne 65000382
003 DLC
005 20260227111811.0
008 801009m19649999tu 000 0 tur
010 _ane 65000382
035 _a(OCoLC)6804839
040 _aDLC
_cAzU
_dOCoLC
_dDLC
042 _apremarc
050 0 0 _aPL239
_b.I9
100 1 _aİz, Fahir,
_eed.
245 1 0 _aEski Türk edebiyatında nesir.
260 _aİstanbul,
_bO. Yalçın,
_c1964-
300 _av.
_c25 cm.
500 _aText in Ottoman Turkish.
505 0 _aXIV. yüzyıldan XIX. yüzyıl ortasına kadar yazmalardan seçilmiş metinler.
650 0 _aTurkish prose literature.
999 _c47937
_d47937